Statistics for Tactical guessing

Click here to take the quiz!

General Stats

  • This quiz has been taken 9 times
  • The average score is 2 of 8

Answer Stats

QuestionAnswer% Correct
Guess...My instinct
56%
If you turn, you are in:The nearest lane to your previous position
56%
Guess...2
33%
Guess...Johnson
33%
Guess...Adjective
22%
Guess...B
22%
Guess...D
11%
Guess...None of the above
11%

Score Distribution

Percentile by Number Answered

Percent of People with Each Score

Your Score History

You have not taken this quiz